| 000 -LEADER |
| fixed length control field |
00727nam a2200193Ia 4500 |
| 001 - CONTROL NUMBER |
| control field |
7475 |
| 003 - CONTROL NUMBER IDENTIFIER |
| control field |
GE_BSU |
| 008 - FIXED-LENGTH DATA ELEMENTS--GENERAL INFORMATION |
| fixed length control field |
181216s||||||||xx |||||||||||||| ||und|| |
| 040 ## - CATALOGING SOURCE |
| Transcribing agency |
GE_BSU |
| 080 ## - UNIVERSAL DECIMAL CLASSIFICATION NUMBER |
| Universal Decimal Classification number |
621.3(035.5) |
| 245 ## - TITLE STATEMENT |
| Title |
Электротехнический справочник. |
| 245 ## - TITLE STATEMENT |
| Statement of responsibility, etc. |
Под общей ред.А.Т.Голована, П.Г.Грудинского, Г.Н.Петрова, А.М.Федосеева. Гл. ред. М.Г.Чиликин, Ред.И.В.Антик. |
| 260 ## - PUBLICATION, DISTRIBUTION, ETC. |
| Place of publication, distribution, etc. |
М.-Л. |
| 260 ## - PUBLICATION, DISTRIBUTION, ETC. |
| Name of publisher, distributor, etc. |
Гос.энергетическое изд-во. |
| 260 ## - PUBLICATION, DISTRIBUTION, ETC. |
| Date of publication, distribution, etc. |
1952. |
| 300 ## - PHYSICAL DESCRIPTION |
| Extent |
640стр. 27см. с илл. |
| 653 ## - INDEX TERM--UNCONTROLLED |
| Uncontrolled term |
Электротехнический справочник. |
| 942 ## - ADDED ENTRY ELEMENTS (KOHA) |
| Koha item type |
წიგნი |